|
|
|
|
| LEADER |
01597cas a2200289 a 4500 |
| 001 |
AALejournalIMF020173 |
| 008 |
230101c9999 xx r poo 0 0eng d |
| 020 |
|
|
|c 5.00 USD
|
| 020 |
|
|
|z 9781498337700
|
| 022 |
|
|
|a 2663-3493
|
| 040 |
|
|
|a BD-DhAAL
|c BD-DhAAL
|
| 110 |
2 |
|
|a International Monetary Fund.
|
| 245 |
1 |
0 |
|a Guidance Note on the Fund's Transparency Policy.
|
| 264 |
|
1 |
|a Washington, D.C. :
|b International Monetary Fund,
|c 2010.
|
| 300 |
|
|
|a 1 online resource (60 pages)
|
| 490 |
1 |
|
|a Policy Papers
|
| 500 |
|
|
|a <strong>Off-Campus Access:</strong> No User ID or Password Required
|
| 500 |
|
|
|a <strong>On-Campus Access:</strong> No User ID or Password Required
|
| 506 |
|
|
|a Electronic access restricted to authorized BRAC University faculty, staff and students
|
| 520 |
3 |
|
|a The global financial crisis has had a significant impact on low-income countries (LICs)' debt vulnerabilities. Recent debt sustainability analyses (DSAs) indicate that external and fiscal financing requirements have increased. In addition, standard measures of a country's capacity to repay debt?GDP, exports, and fiscal revenue?are expected to be permanently lower. On average, debt ratios are therefore expected to deteriorate in the near term, particularly for public debt.
|
| 538 |
|
|
|a Mode of access: Internet
|
| 650 |
|
7 |
|a PP
|2 imf
|
| 650 |
|
7 |
|a Publication
|2 imf
|
| 650 |
|
7 |
|a Regime
|2 imf
|
| 650 |
|
7 |
|a Staff
|2 imf
|
| 830 |
|
0 |
|a Policy Papers; Policy Paper ;
|v No. 2010/002
|
| 856 |
4 |
0 |
|z Full text available on IMF
|u http://elibrary.imf.org/view/journals/007/2010/002/007.2010.issue-002-en.xml
|z IMF e-Library
|